000 00710nam a2200241 a 4500
001 BRL_675
005 20190320210840.0
008 230913s1957----mx-a######---#000-0#spa-#
041 _aspa
044 _amx
050 4 _aND50
_bT54 4 1957
100 1 _aSchmeller, Alfred.
_924613
245 1 0 _aEl Cubismo
_cAlfred Schmeller ; traducción de Matilde Z. Horne.
260 _aMéxico
_bHermes
_c1957
300 _a15 p.
_bil. todas a color.
_c19 cm.
440 0 _aTiempo y color
_pPrimera serie: Tendencias de la pintura moderna
_v4
_924614
500 _aAu724
650 1 4 _aPintura
_xHistoria
_924615
650 1 4 _aCubismo
_911705
700 1 _aHorne, Matilde Z.
_etr.
_924616
902 _aGRL
942 _2lcc
_cB
999 _c9487
_d9487